Movies Quiz

Random Movies or Blitz Quiz

Blitz: Name an Actress Who... Quiz Stats

 Plays Quiz Updated Oct 2, 2017

Challenge
Share
Tweet
Embed
Score 0/20 Timer 03:00
2 Plays Today
Hint Answer % Correct
...is African American and has taken home an Oscar [6]Hattie McDaniel...
85.6%
...is featured on the poster of Steel Magnolias [6]Sally Field...
80.6%
...is in at least three Tim Burton films [3]Helena Bonham Carter...
78.9%
...was one of Pierce Brosnan's main Bond Girls [8]Izabella Scorupco...
76.4%
...was a Rockford Peach in A League of Their Own [11]Geena Davis...
72.7%
...won an Oscar in a Woody Allen movie [5]Penelope Cruz...
68.5%
...was one of the Sex and the City leads not named Sarah [3]Kim Cattrall...
63.8%
...got an Oscar nomination for Almost Famous [2]Kate Hudson...
62.8%
...was top billed in any of the Top 5 highest grossing movies of all time worldwide [5]Zoe Saldana...
61.1%
...played a Hogwarts faculty member who appeared in at least two films [5]Imelda Staunton...
59.8%
Hint Answer % Correct
...has won four Best Actress awards [1]Katharine Hepburn
56.6%
...was one of the main women in The Women, version 2008 [5]Meg Ryan...
55.1%
...was one of the Top 10 box office stars of the 90s and isn't Julia or Meg [6]Sandra Bullock...
53.4%
...was one of the female leads in West Side Story [2]Natalie Wood...
49%
...was Oscar-nominated in a Scorsese film [10]Ellen Burstyn...
47.4%
...played one of the Top 25 villains on AFI's Top 100 list [7]Margaret Hamilton...
46.3%
...won Best Actress and whose first name begins with 'N' [3]Natalie Portman...
45.7%
...was one of Hitchcock's leading lady blondes in the 1950s [5]Grace Kelly...
38.7%
...beat Meryl Streep for a Best Actress trophy in the 90s [4]Kathy Bates...
30.6%
...was top billed in a Tarantino film and isn't named Uma [5]Pam Grier...
30.4%

You're not logged in!

Compare scores with friends on all Sporcle quizzes.
Join for Free
OR
Log In

You Might Also Like...

Show Comments

Extras

Top Quizzes Today


Score Distribution

Your Account Isn't Verified!

In order to create a playlist on Sporcle, you need to verify the email address you used during registration. Go to your Sporcle Settings to finish the process.

Report this User

Report this user for behavior that violates our Community Guidelines.

Details: